Normal view
MARC view
- Tharewal, sumegh shrikant
Entry Personal Name
001 - CONTROL NUMBER
- control field: 65446
003 - CONTROL NUMBER IDENTIFIER
- control field: JO-AjAnu
005 - DATE AND TIME OF LATEST TRANSACTION
- control field: 20240610103616.0
008 - FIXED-LENGTH DATA ELEMENTS
- fixed length control field: 240610|| aca||aabn | a|a d
040 ## - CATALOGING SOURCE
- Original cataloging agency: JO-AjAnu
100 ## - HEADING--PERSONAL NAME
- Personal name: Tharewal, sumegh shrikant